Stevie T TTS & LRA Test Answers - Statistics

General Stats
  • This quiz has been taken 10 times
    7 since last reset
  • The average score is 62 of 145
Answer Stats
Artist Song Misheard lyric TTS / LRA guess % Correct
Eiffel 65 Blue I'm blue, da ba dee da ba di da ba dee da ba A mood album, di di di di di di di
75%
Snow White and the Seven Dwarfs Dig, Dig, Dig We dig, dig, dig, dig, big, big dick Big big big big cake cake cake
75%
Queen We Will Rock You Kickin' your cat all over the place (TTS) Chicken yeah Chad all over the place
75%
Ariana Grande thank u, next Bacon, eggs Dragon / Thank goodness / Goodnight
75%
Iron Maiden Fear of the Dark Fear of the duck F***
75%
Queen Bohemian Rhapsody Spare him his life from this warm sausage tea (TTS) From this monstrosity
75%
Counting Crows Big Yellow Taxi They paved paradise and put up a f***ing lot F*** you
75%
Mulan I'll Make a Man Out of You Great Thai food Great
75%
- - A year has passed since I broke my nose (LRA) Has passed since I wrote my notes
75%
Bon Jovi Livin' On a Prayer It doesn't make a difference if we're naked or not It doesn't make a difference of a make it or not
75%
NSYNC It's Gonna Be Me It's gonna be May (TTS) It's gonna be May
75%
Michael Jackson Bad Shamone, shamone, shamone, shamone Jumbo shampoo, jumbo jumbo
75%
Jimi Hendrix Purple Haze Excuse me while I kiss this guy (TTS) Stupid, kiss this guy
75%
Maroon 5 Sugar When I'm without you, I'm soaked in wee Then
75%
Charlie Puth Attention Throwin' that turtle on my knee Throwing that turtle on my name
75%
Nirvana Smells Like Teen Spirit Here we are now, in containers, avacado, Hell if I know, I'm a Skittle, I'm a Beatle Who?
75%
Aladdin ??? Boner City certified! Yeah
75%
Aladdin - Good teenagers take off their clothes Yeah
75%
Alicia Keys Empire State of Mind Concrete jungle, wet dream tomato 00
50%
Selena Gomez Good for You I'm farting carrots 14 karat or 14 karat
50%
Elton John Lucy In the Sky with Diamonds A girl with colitis goes by A girl with colitis go by as
50%
Alanis Morissette You Oughta Know The cross eyed bear that you gave to me All the cross eyed bear that she gave me
50%
Chris Brown Look at Me And my momma's nice and my dad is gay And my mom was nice and my dad is dead
50%
Toy Story 3 - Oh f***! Barbie, Barbie
50%
Marilyn Manson The Beautiful People The beautiful meatball (LRA) Beautiful people
50%
Jake Owen Beachin' Cocaine Call Jay
50%
- - It's gonna be May (LRA) Call out
50%
Megadeth Symphony of Destruction You try to take his balls Can you try to take as farce
50%
Sudden Impact - Go ahead, make my day Current parenting
50%
Bluey - Dickhead, f***! Dickhead
50%
Elton John Bennie and the Jets She's got electric boobs, a bowl of soup Electric boots, I'm not have food
50%
Bugs Bunny - We'll, I'm the bookie around here and I'll do the f***ing Find somebody around here and I'll do the f***ing
50%
Slipknot Psychosocial Pikachu's a virgin F*** John
50%
Supernormal - F*** me will you? F*** me will you?
50%
Jungle Book The Bare Necessities Forget about your worries and your stripes Forget about your work
50%
Scooby Doo! - F*** poop F*** poop
50%
Jason Durelo Want to Be Me I got the sh**s on the floor Got the sheets on the floor
50%
Parkway Drive Guns for Show, Knifes for a Pro A dirty fart Heart
50%
The Shining - Here's Johnny! Here's some cheese!
50%
Elton John Tiny Dancer Hold me closer, Tony Danza (TTS) Hi Jana dad
50%
Jessie - I can be quite a b**** I can be quite impish
50%
Shania Twain That Don't Impress Me Much I can't believe you kiss your cock goodnight I can't believe you kiss your cock goodnight
50%
Destiny's Child Bootylicious I don't think you're ready for fish jelly I dont think you're ready for this jelly
50%
Fetty Wap 679 I got the soda! I got this soda!
50%
David Guetta Turn Me On I just want you to fart on my young I just want you to bother my young
50%
- - Excuse me while I kiss this guy (LRA) I like going through it
50%
- - Gimme fue, gimme fai, gimme dabajabaza (LRA) I'm confused, I'm afraid, we don't take time
50%
- - Hold me closer, Tony Danza (LRA) I'm not gonna die Dad. I'm cool
50%
The Sixth Sense - I see dead people I see ten people
50%
NBA YoungBoy Bout My Business I watched my grandpa say penis I was my grandpa, say penises
50%
- - How my poo hole aches (LRA) I will push hard
50%
Adele Chasing Pavements Should I just keep chasing penguins Just keep chasing pavements
50%
Madonna Is Isla Bonita Last night, I dreamt of some bagel Last night, I dreamt of San Pedro
50%
Brenda Lee Rockin' Around the Christmas Tree Later, we'll have some f***ing pie Later, we'll have some walking
50%
??? - Oh lovely pussy Lovely pussy
50%
James Bond: Dr No - Bond, James Bond Mother, James Mother
50%
The Police Message in a Bottle A year has passed since I broke my nose (TTS) My notes
50%
Metallica Enter Sandman And a baked apple pie No
50%
Sam Smith Leave Your Lover Suck my milk made sour free Number of nights at Freddy
50%
New Found Glory All Downhill From Here Pikachu errected out your butt Pikachu ratted out a bird
50%
The Police Every Breath You Take How my poo hole aches (TTS) Poo, poo, apes
50%
Scooby-Doo! - Heavens to Delaware, don't forget the f***ing bath tub! Reference to Delaware, don't forget the puppy pads / Promises Delaware, don't forget the f***ing bad thought
50%
Ni-Hao Kai-Lan - Say s*** Say s***
50%
Zac Brown Band Knee Deep She got too close so I farted now She got too close so far now
50%
- - Spare him his life from this warm sausage tea (LRA) Smart gritty
50%
Drake The Motto Spanish girls love me like I'm on Twitter Spanish girls love me like a mother daughter
50%
Lil Nas X Old Town Road I'm gonna take my horse to the hotel room Take my horse to the whole town road
50%
Metallica One Tattoo machines that make me pee Tattoo machine that made me
50%
R.E.M Losing My Religion Let's pee in the corner That's me in the corner
50%
Forrest Gump - Mama always said, life is like a box of chocolates, you never know what you gonna get That's, that's, that's, that's, that's, that's
50%
Oasis Wonderwall That there's a fire in your aunty's house That the fire in your heart is out
50%
The Adventures of Sonic the Hedgehog - That red s*** over there? The British ship over there
50%
Daft Punk Get Lucky Like the legend of the penis The legend of the fairness
50%
The Exorcist - The power of Christ compels you! The power of Grace is up, at you!
50%
300 - This is Sparta! This is correct!
50%
Billy Madison - T-t-t-today Junior! This is, this is a test!
50%
Kings of Leon Sex On Fire Dyslexics on fire This sucks... It's on fire
50%
- - Kickin' your cat all over the place (LRA) Touch and go
50%
Portugal the Man Feel It Still We could find a waffle feast We could find a waffle piece
50%
Pink Floyd Another Brick in the Wall, Pt. 2 We don't need no fart control We don't need no thought control
50%
Toby Keith Shoulda Been a Cowboy Wearin' my sex shoes Were in my sexuality
50%
Mariah Carey I Stay in Love And I try to f*** like a whale What
50%
Disturbed Down With the Sickness Ooh, wah ah ah ah! Wow
50%
Donald Duck - F*** you! Wow
50%
Adventure Time - I'm glad to see you out of that f*** Wow, I'm glad to see you out of that funk
50%
Sesame Street - Yes, yes, that's a f***ing excellent idea Yes, that sounds like an excellent idea
50%
Metallica Die, Die My Darling Your preacher left and I bum fart You're a fart
50%
Tweenies - It's a bit f***y wearing pajamas in the playgroup You're being funny... wearing pajamas in the playgroup
50%
Doc McStuffins - S***y! You're s***y
50%
Bow Wow Let's Get Down Now I'm about to touch your penis Lil Bow Wow Your peas look bad... wow
50%
AJR Burn the House Down You sticky pickle, you stupid fool You sticky pickle, used to be useful
50%
The Beatles I Am the Walrus I am the walrus, goo goo g' joob! All the wars, Google job
25%
Meshuggah Rational Gaze I like juice Are you?
25%
Queen Bohemian Rhapsody The elder poop has a devil motorcycle Beyonce as a devil
25%
Fifi and the Flowertots - F***ing raspberries! Brad
25%
The Little Mermaid Part of Your World Pregnant women, sick of swimming Brett Young, women, six women
25%
Pinocchio - F*** up son Buck up son
25%
Chicken Little - Get the f*** out! Bye, my guy
25%
The Beatles Ob-La-Di, Ob-La-Da Ob-La-Di, Ob-La-Da Daddy, oh my god.
25%
Gretchen Wilson Redneck Woman Of skinning kittens straight Dinner chicken strips
25%
Phineas and Ferb - Don't be the f*** in my system Don't be the buggy
25%
Lilo and Stitch Hawaiian Roller Coaster Ride Take off your shirt boy, I wanna see Do you
25%
Peter Pan You Can Fly Think of Batman pooping snakes Do you know
25%
The Show About Robots - Thanks for the tip b**** Fish
25%
Raiders of the Lost Ark - Snakes...why'd it have to be snakes? Five thousand five hundred eels
25%
Metallica Fuel Gimme fue, gimme fai, gimme dabajabaza (TTS) Give me to give me
25%
Manfred Mann's Earth Band Blinded by the Light Wrapped up like a douche, another rumour in the night Google
25%
The Lion King 2 Upendi In your panties Hey! You Bendy
25%
Martina McBride Wearing White I've got syphilis Hot gossip was
25%
Waking the Cadaver Chased Through the Woods I like shredded wheat How?
25%
Type O Negative Black No. 1 (Miss Little Scare-All) You can't go out cause your boobs are showing, dye em' black! I am back
25%
Nightwish Wishmaster Hamster, a dentist, hard p**n, Steven Seagull I don't get hooked up
25%
Silence of the Lambs - I ate his liver with some fava beans and a nice chianti I hated Stephen with some form of being, and a nicer day
25%
David Lee Roth Just a Gigolo Humala bebuhla zeebuhla boobuhla, humala bebuhla zeebuhla bop I'm a liberal, liberal, liberal, liberal, liberally bop
25%
We Bare Bears - You had one job Darrell and you f***ed it! John Carrol got new funding
25%
Slipknot Liberate Do you like bananas? La la la
25%
Manfred Mann's Earth Band Blinded by the Light A little early birdie gave my anus curly wurly Little early part
25%
Opeth The Baying of the Hounds Best made tacos of the Earth, diabolical beans Mobile go bad
25%
Terminator 2 - Hasta la vista, baby Next, I have this paper
25%
Beauty and the Beast Be Our Guest Get off my lawn! Night, night!
25%
Korn Freak On a Leash Boom-da-da-mmm-dum-na-ee-ma Number 9
25%
Garth Brooks Friends in Low Places Sausage gravy Ohio grace
25%
Michael Jackson Man In the Mirror And no moustache could've been any clearer Oh no, my friends got a man
25%
Celine Dion My Heart Will Go On I believe that the hot dogs go on Oh what the Hokka go oh
25%
Jumex Loner We smoke ass Play smoke us
25%
Cinderella Bibbidi-Bobbidi-Boo Salad and gouda, chicken tabbouleh, bibbidi-bobbidi-boo Salad due, limited kabula
25%
Sleeping with Sirens Alone Could you check my balls for me Set my photos nude
25%
Kenny Chesney Everything's Gonna Be Alright She rattled the ass in my plastic cup She rated the asthma plastica
25%
Kid Rock Bawitdaba Bawitdaba, da bang da bang, diggy diggy, diggy said the boogie, said up drop the boogie Small word of Allah by your bank, diggy diggy diggy
25%
Slipknot Psychosocial Circumcision So I called Jojo
25%
The Police De Do Do Do, De Da Da Da De do do do, de da da da The dog
25%
The Little Mermaid Poor Unfortunate Souls They come f***ing to my cauldron They come flocking to my call
25%
Garth Brooks Against the Grain They'd like to f*** their sister They lock boxes
25%
Aladdin - Watch it, you dumb f***! What is a home?
25%
The Dark Knight - Why so serious? Why so serious?
25%
Donald Duck - You little b****! Why would plants?
25%
The Cars Touch and Go Flying like a semen kite You seaman
25%
Song of the South How Do You Do? Pretty good, show us your balls! Emma tells about
0%
Adventure Time - F*** you Hi, hi, hi
0%
Bob Dylan Not Dark Yet My sensitive manatee MSN today in Manatee
0%
Frozen Love Is An Open Door I f***ed my place My claim
0%
Lady and Tramp - Oh f*** OK
0%
Sesame Street - What the hell Chris? Pirate Christmas
0%
Beck Loser So, I overfed the dog So let it go
0%
Smokepurpp Audi Women they fart in the kitchen We've been fighting there, kissing
0%
No matching quizzes found
Score Distribution
Percent of People with Each Score
Percentile by Number Answered
Your Score History
You have not taken this quiz since the last reset